KFZ-Kennzeichen zuordnen - Statistiken

Allgemein
  • Dieses Quiz wurde 118 mal gespielt
    67 seit der letzten Aktualisierung
  • Das Durchschnittsergebnis liegt bei 258 aus 400
Antwortstatistiken
Stadt oder Landkreis Bundesland KFZ-Kennzeichen % Korrekt
Landkreis Augsburg Bayern A, SMÜ, WER
100%
Stadt Augsburg Bayern A
98%
Landkreis Leipzig Sachsen L, BNA, GHA, GRM, MTL, WUR
94%
Bundeshauptstadt Berlin Berlin B
92%
Stadt Gera Thüringen G
92%
Region Hannover Niedersachsen H
92%
Kreis Borken Nordrhein-Westfalen BOR, AH, BOH
90%
Landeshauptstadt Düsseldorf Nordrhein-Westfalen D
90%
Stadt Essen Nordrhein-Westfalen E
90%
Hansestadt Hamburg Hamburg HH
90%
Stadt Köln Nordrhein-Westfalen K
90%
Stadt Leipzig Sachsen L
90%
Landkreis Lörrach Baden-Württemberg
90%
Landkreis München Bayern M, AIB, WOR
90%
Landeshauptstadt Stuttgart Baden-Württemberg S
90%
Vogtlandkreis Sachsen V, AE, OVL, PL, RC
90%
Stadt Chemnitz Sachsen C
88%
Stadt Jena Thüringen J
88%
Landkreis Nürnberger Land Bayern LAU, ESB, HEB, N, PEG
88%
Landeshauptstadt München Bayern M, MUC
88%
Stadt Nürnberg Bayern N
88%
Landkreis Regensburg | Stadt Regensburg Bayern R
88%
Landkreis Tübingen Baden-Württemberg
88%
Stadt Wuppertal Nordrhein-Westfalen W
88%
Stadt Würzburg Bayern
88%
Städteregion Aachen Nordrhein-Westfalen AC, MON
86%
Stadt Bochum Nordrhein-Westfalen BO, WAT
86%
Stadt Frankfurt am Main Hessen F
86%
Landkreis Fürth | Stadt Fürth Bayern
86%
Landkreis Mühldorf am Inn Bayern MÜ, VIB, WS
86%
Landkreis Zwickau Sachsen Z, GC, HOT, WDA
86%
Stadt Dortmund Nordrhein-Westfalen DO
84%
Hansestadt Bremen | Stadt Bremerhaven Bremen HB
84%
Landkreis Kaiserslautern | Stadt Kaiserslautern Rheinland-Pfalz KL
84%
Stadt Koblenz Rheinland-Pfalz KO
84%
Stadt Leverkusen Nordrhein-Westfalen LEV, OP
84%
Landeshauptstadt Potsdam Brandenburg P
84%
Kreis Steinfurt Nordrhein-Westfalen ST, BF, TE
84%
Ostalbkreis Baden-Württemberg AA, GD
82%
Stadt Bielefeld Nordrhein-Westfalen BI
82%
Landkreis Börde Sachsen-Anhalt BK, BÖ, HDL, OC, OK, WMS, WZL
82%
Stadt Duisburg Nordrhein-Westfalen DU
82%
Landkreis Gießen Hessen GI
82%
Landeshauptstadt Kiel Schleswig-Holstein KI
82%
Landkreis Kulmbach Bayern KU, EBS, SAN
82%
Landkreis Landshut Bayern LA, MAI, MAL, ROL, VIB
82%
Stadtkreis Mannheim Baden-Württemberg MA
82%
Kreis Mettmann Nordrhein-Westfalen ME
82%
Ortenaukreis Baden-Württemberg OG, BH, KEL, LR, WOL
82%
Regionalverband Saarbrücken Saarland SB, (VK)
82%
Landkreis Altötting Bayern AÖ, LF
80%
Landkreis Bayreuth Bayern BT, EBS, ESB, KEM, MÜB, PEG
80%
Kreis Coesfeld Nordrhein-Westfalen COE, LH
80%
Stadt Darmstadt Hessen DA
80%
Landkreis Darmstadt-Dieburg Hessen DA, DI
80%
Landeshauptstadt Dresden Sachsen DD
80%
Landkreis Donau-Ries Bayern DON, NÖ
80%
Landkreis Mittelsachsen Sachsen FG, BED, DL, FLÖ, HC, MW, RL
80%
Stadt Hagen Nordrhein-Westfalen HA
80%
Landkreis Helmstedt Niedersachsen HE
80%
Schwalm-Eder-Kreis Hessen HR, FZ, MEG, ZIG
80%
Stadt Landshut Bayern LA
80%
Landkreis Lindau (Bodensee) Bayern LI
80%
Kreis Minden-Lübbecke Nordrhein-Westfalen MI
80%
Märkischer Kreis Nordrhein-Westfalen MK
80%
Stadt Münster Nordrhein-Westfalen MS
80%
Landkreis Mecklenburgische Seenplatte Mecklenburg-Vorpommern MSE, AT, DM, MC, MST, MÜR, NZ, RM, WRN, (NB)
80%
Landkreis Rosenheim Bayern RO, AIB, WS
80%
Kreis Unna Nordrhein-Westfalen UN, LH, LÜN
80%
Kreis Warendorf Nordrhein-Westfalen WAF, BE
80%
Kreis Wesel Nordrhein-Westfalen WES, DIN, MO
80%
Stadt Worms Rheinland-Pfalz WO
80%
Landkreis Amberg-Sulzbach Bayern AS, BUL, ESB, NAB, SUL
78%
Landkreis Ahrweiler Rheinland-Pfalz AW
78%
Landkreis Böblingen Baden-Württemberg BB, LEO
78%
Stadt Bonn Nordrhein-Westfalen BN
78%
Stadt Braunschweig Niedersachsen BS
78%
Landkreis Diepholz Niedersachsen DH, SY
78%
Kreis Düren Nordrhein-Westfalen DN, JÜL, MON, SLE
78%
Erzgebirgskreis Sachsen ERZ, ANA, ASZ, AU, MAB, MEK, STL SZB, ZP
78%
Stadt Frankfurt (Oder) Brandenburg FF
78%
Stadt Gelsenkirchen Nordrhein-Westfalen GE
78%
Landkreis Göttingen Niedersachsen GÖ, DUD, HMÜ, OHA
78%
Rhein-Neckar-Kreis | Stadtkreis Heidelberg Baden-Württemberg HD
78%
Hansestadt Lübeck Schleswig-Holstein HL
78%
Stadt Hof (Saale) Bayern HO
78%
Landkreis Hof Bayern HO, MÜB, NAI, REH, SAN
78%
Kreis Heinsberg Nordrhein-Westfalen HS, ERK, GK
78%
Landkreis Karlsruhe | Stadtkreis Karlsruhe Baden-Württemberg KA
78%
Stadt Kempten (Allgäu) Bayern KE
78%
Stadt Kassel Hessen KS
78%
Landkreis Kassel Hessen KS, HOG, WOH
78%
Stadt Landau in der Pfalz Rheinland-Pfalz LD
78%
Stadt Ludwigshafen am Rhein Rheinland-Pfalz LU
78%
Stadt Mönchengladbach Nordrhein-Westfalen MG
78%
Stadt Memmingen Bayern MM
78%
Landeshauptstadt Mainz Rheinland-Pfalz MZ
78%
Landkreis Mainz-Bingen Rheinland-Pfalz MZ, BIN
78%
Rhein-Kreis Neuss Nordrhein-Westfalen NE, GV
78%
Landkreis Osnabrück Niedersachsen OS, BSB, MEL, WTL
78%
Kreis Soest Nordrhein-Westfalen SO, LP
78%
Aschaffenburg Bayern AB
76%
Landkreis Aschaffenburg Bayern AB, ALZ
76%
Landkreis Ansbach Bayern AN, DKB, FEU, ROT
76%
Landkreis Coburg | Stadt Coburg Bayern CO, NEC
76%
Stadt Dessau-Roßlau Sachsen-Anhalt DE, RSL
76%
Ennepe-Ruhr-Kreis Nordrhein-Westfalen EN, WIT
76%
Landkreis Breisgau-Hochschwarzwald Baden-Württemberg FR, MÜL, NEU
76%
Kreis Gütersloh Nordrhein-Westfalen GT
76%
Stadt Ingolstadt Bayern IN
76%
Landkreis Waldeck-Frankenberg Hessen KB, FKB, WA
76%
Stadt Krefeld Nordrhein-Westfalen KR
76%
Landkreis Landsberg am Lech Bayern LL
76%
Landkreis Rostock Mecklenburg-Vorpommern LRO, BÜZ, DBR, GÜ, ROS, TET
76%
Landkreis Oldenburg | Stadt Oldenburg Niedersachsen OL
76%
Landkreis Ostprignitz-Ruppin Brandenburg OPR, KY, NP, WK
76%
Landkreis Südwestpfalz Rheinland-Pfalz PS, ZW
76%
Landkreis Rastatt Baden-Württemberg RA, BH
76%
Landkreis Schwäbisch Hall Baden-Württemberg SHA, BK, CR
76%
Landkreis Nordsachsen Sachsen TDO, DZ, EB, OZ, TG, TO
76%
Rems-Murr-Kreis Baden-Württemberg WN, BK
76%
Stadt Amberg Bayern AM
73%
Stadt Ansbach Bayern AN
73%
Landkreis Bamberg | Stadt Bamberg Bayern BA
73%
Stadt Bayreuth Bayern BT
73%
Landkreis Bautzen Sachsen BZ, BIW, HY, KM
73%
Landkreis Celle Niedersachsen CE
73%
Landkreis Emmendingen Baden-Württemberg EM
73%
Stadt Erlangen Bayern ER
73%
Kreis Euskirchen Nordrhein-Westfalen EU, SLE
73%
Stadt Flensburg Schleswig-Holstein FL
73%
Landkreis Forchheim Bayern FO, EBS, PEG
73%
Stadtkreis Freiburg im Breisgau Baden-Württemberg FR
73%
Kreis Groß-Gerau Hessen GG
73%
Landkreis Goslar Niedersachsen GS, BRL, CLZ
73%
Landkreis Ludwigsburg Baden-Württemberg LB, VAI
73%
Landkreis Miesbach Bayern MB
73%
Landeshauptstadt Magdeburg Sachsen-Anhalt MD
73%
Landkreis Neu-Ulm Bayern NU, ILL
73%
Stadt Oberhausen Nordrhein-Westfalen OB
73%
Landkreis Passau | Stadt Passau Bayern PA
73%
Kreis Recklinghausen Nordrhein-Westfalen RE, CAS, GLA
73%
Stadt Rosenheim Bayern RO
73%
Saalekreis Sachsen-Anhalt SK, MER, MQ, QFT
73%
Landkreis Südliche Weinstraße Rheinland-Pfalz SÜW
73%
Landkreis Wittenberg Sachsen-Anhalt WB, GHC, JE
73%
Stadt Weimar Thüringen WE
73%
Landeshauptstadt Wiesbaden Hessen WI
73%
Landkreis Elbe-Elster Brandenburg EE, FI, LIB
71%
Landkreis Eichstätt Bayern EI
71%
Landkreis Esslingen Baden-Württemberg ES, NT
71%
Landkreis Fulda Hessen FD
71%
Landkreis Gifhorn Niedersachsen GF
71%
Stadt Halle (Saale) Sachsen-Anhalt HAL
71%
Stadt Hamm Nordrhein-Westfalen HAM
71%
Stadt Herne Nordrhein-Westfalen HER, WAN
71%
Kreis Herford Nordrhein-Westfalen HF
71%
Ilm-Kreis Thüringen IK, ARN, IL
71%
Main-Kinzig-Kreis Hessen MKK, GN, HU, SLÜ
71%
Stadt Osnabrück Niedersachsen OS
71%
Altmarkkreis Salzwedel Sachsen-Anhalt SAW, GA, KLZ
71%
Landkreis Stendal Sachsen-Anhalt SDL, HV, OBG
71%
Kreis Siegen-Wittgenstein Nordrhein-Westfalen SI, BLB
71%
Stadt Schweinfurt Bayern SW
71%
Landkreis Schweinfurt Bayern SW, GEO
71%
Landkreis Würzburg Bayern WÜ, OCH
71%
Landkreis Altenkirchen (Westerwald) Rheinland-Pfalz AK
69%
Landkreis Berchtesgadener Land Bayern BGL, BGD, LF, REI
69%
Landkreis Calw Baden-Württemberg CW
69%
Wetteraukreis Hessen FB, BÜD
69%
Landkreis Göppingen Baden-Württemberg GP
69%
Landkreis Görlitz Sachsen GR, LÖB, NOL, NY, WSW, ZI
69%
Landkreis Hildesheim Niedersachsen HI, ALF
69%
Hansestadt Rostock Mecklenburg-Vorpommern HRO
69%
Kreis Höxter Nordrhein-Westfalen HX, WAR
69%
Kreis Kleve Nordrhein-Westfalen KLE, GEL
69%
Landkreis Konstanz Baden-Württemberg KN, STO, (BÜS)
69%
Lahn-Dill-Kreis Hessen LDK, DIL, WZ
69%
Landkreis Limburg-Weilburg Hessen LM, WEL
69%
Landkreis Meißen Sachsen MEI, GRH, RG, RIE
69%
Landkreis Neumarkt in der Oberpfalz Bayern NM, PAR
69%
Landkreis Offenbach | Stadt Offenbach am Main Hessen OF
69%
Landkreis Reutlingen Baden-Württemberg RT
69%
Kreis Segeberg Schleswig-Holstein SE
69%
Kreis Schleswig-Flensburg Schleswig-Holstein SL
69%
Landkreis Sonneberg Thüringen SON, NH
69%
Stadt Speyer Rheinland-Pfalz SP
69%
Kreis Viersen Nordrhein-Westfalen VIE, KK
69%
Stadt Zweibrücken Rheinland-Pfalz ZW
69%
Landkreis Barnim Brandenburg BAR, BER, EW
67%
Stadt Bottrop Nordrhein-Westfalen BOT
67%
Stadt Cottbus Brandenburg CB
67%
Landkreis Heilbronn | Stadtkreis Heilbronn Baden-Württemberg HN
67%
Landkreis Harz Sachsen-Anhalt HZ, HBS, QLB, WR
67%
Stadt Kaufbeuren Bayern KF
67%
Landkreis Leer Niedersachsen LER
67%
Main-Taunus-Kreis Hessen MTK
67%
Stadt Neustadt an der Weinstraße Rheinland-Pfalz NW
67%
Kreis Paderborn Nordrhein-Westfalen PB, BÜR
67%
Enzkreis | Stadtkreis Pforzheim Baden-Württemberg PF
67%
Kreis Plön Schleswig-Holstein PLÖ
67%
Kreis Rendsburg-Eckernförde Schleswig-Holstein RD, ECK
67%
Landkreis Sigmaringen Baden-Württemberg SIG, SLG, STO, ÜB
67%
Rhein-Sieg-Kreis Nordrhein-Westfalen SU
67%
Stadt Trier Rheinland-Pfalz TR
67%
Landkreis Trier-Saarburg Rheinland-Pfalz TR, SAB
67%
Landkreis Weilheim-Schongau Bayern WM, SOG
67%
Stadt Wolfsburg Niedersachsen WOB
67%
Westerwaldkreis Rheinland-Pfalz WW
67%
Landkreis Alzey-Worms Rheinland-Pfalz AZ
65%
Zollernalbkreis Baden-Württemberg BL, HCH
65%
Landkreis Cuxhaven Niedersachsen CUX
65%
Landeshauptstadt Erfurt Thüringen EF
65%
Landkreis Emsland Niedersachsen EL
65%
Landkreis Dahme-Spreewald Brandenburg LDS, KW, LC, LN
65%
Kreis Lippe Nordrhein-Westfalen LIP
65%
Landkreis Nordfriesland Schleswig-Holstein NF
65%
Landkreis Neunkirchen Saarland NK, OTW
65%
Kreis Ostholstein Schleswig-Holstein OH
65%
Landkreis Oberspreewald-Lausitz Brandenburg OSL, CA, SFB
65%
Landkreis Peine Niedersachsen PE
65%
Kreis Pinneberg Schleswig-Holstein PI
65%
Landkreis Ravensburg Baden-Württemberg RV, SLG, ÜB, WG
65%
Landeshauptstadt Schwerin Mecklenburg-Vorpommern SN
65%
Alb-Donau-Kreis | Stadtkreis Ulm Baden-Württemberg UL
65%
Landkreis Waldshut Baden-Württemberg WT, SÄK
65%
Landkreis Günzburg Bayern GZ, KRU
63%
Landkreis Hameln-Pyrmont Niedersachsen HM
63%
Landkreis Kusel Rheinland-Pfalz KUS
63%
Stadt Mülheim an der Ruhr Nordrhein-Westfalen MH
63%
Landkreis Oberallgäu Bayern OA
63%
Stadt Remscheid Nordrhein-Westfalen RS
63%
Stadt Solingen Nordrhein-Westfalen SG
63%
Landkreis Sömmerda Thüringen SÖM
63%
Landkreis Traunstein Bayern TS, LF
63%
Landkreis Vorpommern-Greifswald Mecklenburg-Vorpommern VG, ANK, GW, OVP, PW, SBG, UEM, UER, WLG, (HGW)
63%
Landkreis Erding Bayern ED
61%
Stadt Emden Niedersachsen EMD
61%
Bodenseekreis Baden-Württemberg FN, TT, ÜB
61%
Heidekreis Niedersachsen HK
61%
Landkreis Havelland Brandenburg HVL, NAU, RN
61%
Landkreis Lüneburg Niedersachsen LG
61%
Landkreis Nienburg/Weser Niedersachsen NI
61%
Landkreis Straubing-Bogen Bayern SR, BOG, MAL
61%
Landkreis Uelzen Niedersachsen UE
61%
Landkreis Aurich Niedersachsen AUR, NOR
59%
Landkreis Deggendorf Bayern DEG
59%
Stadt Delmenhorst Niedersachsen DEL
59%
Landkreis Germersheim Rheinland-Pfalz GER
59%
Landkreis Kitzingen Bayern KT
59%
Landkreis Ludwigslust-Parchim Mecklenburg-Vorpommern LUP, HGN, LBZ, LWL, PCH, STB
59%
Landkreis Marburg-Biedenkopf Hessen MR, BID
59%
Landkreis Neuburg-Schrobenhausen Bayern ND, SOB
59%
Landkreis Vorpommern-Rügen Mecklenburg-Vorpommern VR, GMN, NVP, RDG, RÜG, (HST)
59%
Stadt Wilhelmshaven Niedersachsen WHV
59%
Landkreis Harburg Niedersachsen WL
59%
Landkreis Wunsiedel im Fichtelgebirge Bayern WUN, MAK, REH, SEL
59%
Eifelkreis Bitburg-Prüm Rheinland-Pfalz BIT, PRÜ
57%
Landkreis Cham Bayern CHA, KÖZ, ROD, WÜM
57%
Landkreis Eichsfeld Thüringen EIC, HIG, WBS
57%
Landkreis Freising Bayern FS
57%
Landkreis Haßberge Bayern HAS, EBN, GEO, HOH
57%
Hochtaunuskreis Hessen HG, USI
57%
Landkreis Lichtenfels Bayern LIF, STE
57%
Landkreis Oder-Spree Brandenburg LOS, BSK, EH, FW
57%
Landkreis Miltenberg Bayern MIL, OBB
57%
Landkreis Unterallgäu Bayern MN
57%
Landkreis Mayen-Koblenz Rheinland-Pfalz MYK, MY
57%
Landkreis Sächsische Schweiz-Osterzgebirge Sachsen PIR, DW, FTL, SEB
57%
Landkreis Potsdam-Mittelmark Brandenburg PM
57%
Landkreis Prignitz Brandenburg PR
57%
Landkreis Regen Bayern REG, VIT
57%
Landkreis Roth Bayern RH, HIP
57%
Stadt Schwabach Bayern SC
57%
Landkreis Saalfeld-Rudolstadt Thüringen SLF, RU
57%
Stadt Straubing Bayern SR
57%
Stadt Salzgitter Niedersachsen SZ
57%
Landkreis Tuttlingen Baden-Württemberg TUT
57%
Landkreis Uckermark Brandenburg UM, ANG, PZ, SDT, TP
57%
Stadtkreis Baden-Baden Baden-Württemberg BAD
55%
Landkreis Biberach Baden-Württemberg BC
55%
Burgenlandkreis Sachsen-Anhalt BLK, HHM, NEB, NMB, WSF, ZZ
55%
Landkreis Cloppenburg Niedersachsen CLP
55%
Landkreis Freudenstadt Baden-Württemberg FDS HCH, HOR, WOL
55%
Landkreis Heidenheim Baden-Württemberg HDH
55%
Kreis Dithmarschen Schleswig-Holstein HEI, MED
55%
Kreis Bergstraße Hessen HP
55%
Landkreis Jerichower Land Sachsen-Anhalt JL, BRG, GNT
55%
Landkreis Kelheim Bayern KEH, MAI, PAR, RID, ROL
55%
Landkreis Bad Kissingen Bayern KG, BRK, HAB
55%
Landkreis Bad Kreuznach Rheinland-Pfalz KH
55%
Kyffhäuserkreis Thüringen KYF, ART, SDH
55%
Landkreis Neuwied Rheinland-Pfalz NR
55%
Kreis Stormarn Schleswig-Holstein OD
55%
Stadt Pirmasens Rheinland-Pfalz PS
55%
Landkreis Anhalt-Bitterfeld Sachsen-Anhalt ABI, AZE, BTF, KÖT, ZE
53%
Landkreis Cochem-Zell Rheinland-Pfalz COC, ZEL
53%
Rhein-Lahn-Kreis Rheinland-Pfalz EMS, DIZ, GOH
53%
Landkreis Friesland Niedersachsen FRI
53%
Stadt Frankenthal (Pfalz) Rheinland-Pfalz FT
53%
Rheinisch-Bergischer Kreis Nordrhein-Westfalen GL
53%
Landkreis Mansfeld-Südharz Sachsen-Anhalt MSH, EIL, HET, ML, SGH
53%
Landkreis Nordwestmecklenburg Mecklenburg-Vorpommern NWM, GDB, GVM,WIS, (HWI)
53%
Landkreis Rottweil Baden-Württemberg RW
53%
Landkreis Wolfenbüttel Niedersachsen WF
53%
Landkreis Birkenfeld Rheinland-Pfalz BIR
51%
Rhein-Erft-Kreis Nordrhein-Westfalen BM
51%
Landkreis Dachau Bayern DAH
51%
Landkreis Ebersberg Bayern EBE
51%
Landkreis Garmisch-Partenkirchen Bayern GAP
51%
Hochsauerlandkreis Nordrhein-Westfalen HSK
51%
Landkreis Kronach Bayern KC, SAN
51%
Kreis Olpe Nordrhein-Westfalen OE
51%
Landkreis Rottal-Inn Bayern PAN, EG, GRI, VIB
51%
Rhein-Pfalz-Kreis Rheinland-Pfalz RP
51%
Landkreis Schmalkalden-Meiningen Thüringen SM, MGN
51%
Landkreis Teltow-Fläming Brandenburg TF
51%
Landkreis Vechta Niedersachsen VEC
51%
Landkreis Verden Niedersachsen VER
51%
Landkreis Aichach-Friedberg Bayern AIC, FDB
49%
Landkreis Starnberg Bayern STA
49%
Landkreis Stade Niedersachsen STD
49%
Landkreis Tirschenreuth Bayern TIR, KEM
49%
Landkreis Bad Tölz-Wolfratshausen Bayern TÖL, WOR
49%
Vogelsbergkreis Hessen VB
49%
Landkreis Fürstenfeldbruck Bayern FFB
47%
Landkreis Freyung-Grafenau Bayern FRG, GRA, WOS
47%
Landkreis Greiz Thüringen GRZ, ZR
47%
Landkreis Gotha Thüringen GTH
47%
Landkreis Schaumburg Niedersachsen SHG, RI
47%
Salzlandkreis Sachsen-Anhalt SLK, ASL, BBG, SBK, SFT
47%
Landkreis Dingolfing-Landau Bayern DGF, LAN
45%
Landkreis Erlangen-Höchstadt Bayern ERH, HÖS
45%
Landkreis Holzminden Niedersachsen HOL
45%
Unstrut-Hainich-Kreis Thüringen UH, LSZ, MHL
45%
Wartburgkreis Thüringen WAK, EA, SLZ
45%
Landkreis Dillingen an der Donau Bayern DLG, WER
43%
Oberbergischer Kreis Nordrhein-Westfalen GM
43%
Landkreis Rhön-Grabfeld Bayern NES, KÖN, MET
43%
Landkreis Ostallgäu Bayern OAL, FÜS, MOD
43%
Landkreis Weimarer Land Thüringen AP, APD
41%
Landkreis Bad Dürkheim Rheinland-Pfalz DÜW
41%
Landkreis Schwandorf Bayern SAD, BUL, NAB, NEN, OVI, ROD
41%
Stadt Suhl Thüringen SHL
41%
Stadt Weiden in der Oberpfalz Bayern WEN
41%
Landkreis Bernkastel-Wittlich Rheinland-Pfalz WIL, BKS
41%
Landkreis Lüchow-Dannenberg Niedersachsen DAN
39%
Saale-Orla-Kreis Thüringen SOK, LBS, PN, SCZ
39%
Landkreis Nordhausen Thüringen NDH
37%
Landkreis Grafschaft Bentheim Niedersachsen NOH
37%
Landkreis Osterholz Niedersachsen OHZ
37%
Stadt Brandenburg an der Havel Brandenburg BRB
35%
Landkreis Rotenburg (Wümme) Niedersachsen ROW, BRV
35%
Saale-Holzland-Kreis Thüringen SHK, EIS, SRO
35%
Landkreis Wesermarsch Niedersachsen BRA
33%
Landkreis Vulkaneifel Rheinland-Pfalz DAU
33%
Landkreis Merzig-Wadern Saarland MZG
33%
Landkreis Spree-Neiße Brandenburg SPN, FOR, GUB, SPB
33%
Landkreis Weißenburg-Gunzenhausen Bayern WUG, GUN
33%
Landkreis Hersfeld-Rotenburg Hessen HEF, ROF
31%
Landkreis Neustadt an der Waldnaab Bayern NEW, ESB, VOH
31%
Landkreis Oberhavel Brandenburg OHV
31%
Landkreis Pfaffenhofen an der Ilm Bayern PAF
31%
Kreis Herzogtum Lauenburg Schleswig-Holstein RZ
31%
Rhein-Hunsrück-Kreis Rheinland-Pfalz SIM, GOA
31%
Stadt Neumünster Schleswig-Holstein NMS
29%
Landkreis Wittmund Niedersachsen WTM
29%
Altenburger Land Thüringen ABG, SLN
27%
Landkreis Märkisch-Oderland Brandenburg MOL, FRW, SEE, SRB
27%
Landkreis Main-Spessart Bayern MSP
27%
Schwarzwald-Baar-Kreis Baden-Württemberg VS
27%
Kreis Steinburg Schleswig-Holstein IZ
24%
Landkreis Saarlouis Saarland SLS
24%
Saarpfalz-Kreis Saarland HOM, (IGB)
20%
Landkreis Neustadt an der Aisch-Bad Windsheim Bayern NEA, SEF, UFF
20%
Landkreis Northeim Niedersachsen NOM, EIN, GAN
20%
Rheingau-Taunus-Kreis Hessen RÜD, SWA
18%
Main-Tauber-Kreis Baden-Württemberg TBB, MGH
16%
Landkreis Hildburghausen Thüringen HBN
14%
Donnersbergkreis Rheinland-Pfalz KIB, ROK
14%
Landkreis St. Wendel Saarland WND
14%
Neckar-Odenwald-Kreis Baden-Württemberg MOS, BCH
12%
Landkreis Ammerland Niedersachsen WST
12%
Odenwaldkreis Hessen ERB
10%
Hohenlohekreis Baden-Württemberg KÜN, ÖHR
10%
Werra-Meißner-Kreis Hessen ESW, WIZ
8%
Keine übereinstimmenden Quizze gefunden
Verteilung der Resultate
Anzahl Personen mit jedem Resultat
Perzentil nach korrekt beantworteten Fragen
Ihre Resultats-Entwicklung
Sie haben dieses Quiz seit der letzten Aktualisierung nicht gespielt